00937 2200325 4500001002100000005001500021035002000036007000300056008004100059020002200100040002200122082001600144084001800160090002200178090002200200100002100222245007600243250002600319300004600345650002300391700002100414850001200435041001300447264003300460336002100493337003000514338002300544999002200567990002200589INLIS00000000084807520200214010940 a0010-0619000030ta190611s2017 yoia a ind d a978-979-29-6163-8 aYOPDYOGbinderda04223a028.534 a028.534 ASK a aDEP 028.534 ASK a aCB-D.11 2017-30980 aAskalinepenulis10aAku suka menari :bi love dancing /cpenulis, Askalin; ilustrator, Redy aCetakan pertama: 2017 a28 halaman :bilustrasi berwarna ;c28 cm 4aBacaan kanak-kanak0 aRedyeilustrator aYOPDYOG0 aindheng 1aYogyakarta :bRainbow,c2017 2rdacontentateks 2rdamediaatanpa perantara 2rdacarrieravolume aCB-D.11/2017-3098 aCB-D.11/2017-3098